000
00312pam a2200133 a 4500
020
_c
041
_h
082
_a
751.422
_b
BEC
100
_a
David R. Becker .
245
_a
How to Sketch With watercolour
_h
Textual Documents
260
_a
Bombay
_b
North Light Books
300
_a
90:
_b
paper.
930
_a
7461
999
_c
241251
_d
241251